Précis d'histoire romaine (notice n° 1568458)
[ vue normale ]
| 000 -LEADER | |
|---|---|
| fixed length control field | 01206cam a2200133 4500500 |
| 005 - DATE AND TIME OF LATEST TRANSACTION | |
| control field | 20251214004337.0 |
| 041 ## - LANGUAGE CODE | |
| Language code of text/sound track or separate title | fre |
| 042 ## - AUTHENTICATION CODE | |
| Authentication code | dc |
| 100 10 - MAIN ENTRY--PERSONAL NAME | |
| Personal name | Bordet, Marcel |
| Relator term | author |
| 245 00 - TITLE STATEMENT | |
| Title | Précis d'histoire romaine |
| 260 ## - PUBLICATION, DISTRIBUTION, ETC. | |
| Name of publisher, distributor, etc. | Armand Colin,<br/> |
| Date of publication, distribution, etc. | 2021.<br/> |
| 520 ## - SUMMARY, ETC. | |
| Summary, etc. | Cet ouvrage propose une initiation au monde romain, de la fondation de l’Urbs à la disparition de l’Empire en Occident en 476.L’auteur dégage les lignes essentielles du récit des événements, bannissant l’anecdotique au pro t de développements clairs qui veulent, non pas accumuler des informations, mais expliquer les faits et parfois discuter certaines interprétations. L’accent est mis sur l’évolution des institutions qui, nées dans la Cité, surent s’adapter au gouvernement du monde, et sur leur contexte économique, social et culturel.La netteté du style délivré des expressions trop techniques, la concision, les annexes (chronologie, tableaux généalogiques, orientation bibliographique) font de cet ouvrage une introduction indispensable aux études de l’Antiquité romaine. |
| 856 41 - ELECTRONIC LOCATION AND ACCESS | |
| Uniform Resource Identifier | <a href="https://shs.cairn.info/precis-d-histoire-romaine--9782200630669?lang=fr&redirect-ssocas=7080">https://shs.cairn.info/precis-d-histoire-romaine--9782200630669?lang=fr&redirect-ssocas=7080</a> |
Pas d'exemplaire disponible.




Réseaux sociaux